000 00420nam a2200181Ia 4500
001 22969
005 20260414150906.0
008 260414t2016||||xx |||||||||||||| ||spa||
041 _aESP
082 _a624.171
_bM41
100 _aMeli Piralla, Roberto
_eAUT
245 0 _aDiseño estructural
_b
260 _c2016
300 _a596 páginas :
_c27 cm.
650 _a0
654 _aCIC
942 _cLIB
_dJUS
_fJUS
_2ddc
_n
999 _c22969
_d22969